Uwa chitai no minzoku,
Saved in:
| Main Author: | |
|---|---|
| Format: | Book |
| Language: | Japanese |
| Published: |
Tōkyō,
Yoshikawa Kōbunkan,
Shōwa 36 [1961]
|
| Subjects: | |
| Tags: |
Add Tag
No Tags, Be the first to tag this record!
|
| LEADER | 00918cam a2200241u 4500 | ||
|---|---|---|---|
| 001 | 007719740-2 | ||
| 005 | 20024617115958.0 | ||
| 008 | 900321s1961 ja ab b 000 0 jpn d | ||
| 035 | 0 | |a ocm21248159 | |
| 040 | |a CLU |c CLU |d *YNH* |d CStRLIN | ||
| 100 | 1 | |6 880-01 |a Wakamori, Tarō, |d 1915-1977. | |
| 245 | 1 | 0 | |6 880-02 |a Uwa chitai no minzoku, |c Wakamori Tarō cho. |
| 260 | |6 880-03 |a Tōkyō, |b Yoshikawa Kōbunkan, |c Shōwa 36 [1961] | ||
| 300 | |a 2, 6, 393 p. |b illus., maps (1 fold.) |c 27 cm. | ||
| 504 | |a Bibliography: p. 368-370. | ||
| 651 | 0 | |6 880-04 |a Ehime-ken (Japan) |x Social life and customs. | |
| 650 | 0 | |a Social surveys |z Japan |z Ehime-ken. | |
| 880 | 1 | |6 100-01 |a 和歌森太郎, |d 1915-1977. | |
| 880 | 1 | 0 | |6 245-02 |a 宇和地帶の民俗, |c 和歌森太郎著. |
| 880 | |6 260-03 |a 東京, |b 吉川弘文館, |c 昭和36 [1961] | ||
| 880 | 0 | |6 651-04 |a 愛媛県 (Japan) |x Social life and customs. | |
| 988 | |a 20021214 | ||
| 906 | |0 OCLC | ||


